Iqbāl va dah chihrah-ʼi dīgar : (Record no. 331745)

000 -LEADER
fixed length control field 02087cam a2200421 a 4500
001 - CONTROL NUMBER
control field 14795553
003 - CONTROL NUMBER IDENTIFIER
control field NUST
005 - DATE AND TIME OF LATEST TRANSACTION
control field 20191215194516.0
008 - FIXED-LENGTH DATA ELEMENTS--GENERAL INFORMATION
fixed length control field 061212s2006 pk b 001 0 per d
010 ## - LIBRARY OF CONGRESS CONTROL NUMBER
LC control number 2006312889
020 ## - INTERNATIONAL STANDARD BOOK NUMBER
Canceled/invalid ISBN 969416366X
035 ## - SYSTEM CONTROL NUMBER
System control number (OCoLC)ocn430970595
038 ## - RECORD CONTENT LICENSOR
Staff Name Arshad
040 ## - CATALOGING SOURCE
Original cataloging agency GZM
Transcribing agency GZM
Modifying agency GZM
-- DLC
042 ## - AUTHENTICATION CODE
Authentication code lccopycat
-- lcode
050 00 - LIBRARY OF CONGRESS CALL NUMBER
Classification number PK2199.I65
Item number Z59158 2006
066 ## - CHARACTER SETS PRESENT
Alternate G0 or G1 character set (3
-- (4
082 ## - DEWEY DECIMAL CLASSIFICATION NUMBER
Classification number 891.5113
Author Mark BAQ
100 1# - MAIN ENTRY--PERSONAL NAME
Linkage 880-01
Personal name Baqāʼī, Muḥammad,
Dates associated with a name 1944 or 1945-
9 (RLIN) 5573
245 10 - TITLE STATEMENT
Linkage 880-02
Title Iqbāl va dah chihrah-ʼi dīgar :
Remainder of title Hūmar, Ḥallāj, Sanāʼī, Suhravardī, Mawlavī, Shabastarī, Kasravī, Hissah, Janāḥ va Shimil /
Statement of responsibility, etc. nivishtah-i, Muḥammad Baqāʼī (Mākān).
246 30 - VARYING FORM OF TITLE
Linkage 880-03
Title proper/short title Hūmar, Ḥallāj, Sanāʼī, Suhravardī, Mawlavī, Shabastarī, Kasravī, Hissah, Janāḥ va Shimil
250 ## - EDITION STATEMENT
Linkage 880-04
Edition statement Chāp-i 1.
260 ## - PUBLICATION, DISTRIBUTION, ETC.
Linkage 880-05
Place of publication, distribution, etc. Lāhore :
Name of publisher, distributor, etc. Iqbāl Akādimī Pākistān,
Date of publication, distribution, etc. 2006.
300 ## - PHYSICAL DESCRIPTION
Extent 272 p. ;
Dimensions 22 cm.
504 ## - BIBLIOGRAPHY, ETC. NOTE
Bibliography, etc. note Includes bibliographical references and index.
546 ## - LANGUAGE NOTE
Language note In Persian.
600 10 - SUBJECT ADDED ENTRY--PERSONAL NAME
Personal name Iqbal, Muhammad,
Titles and other words associated with a name Sir,
Dates associated with a name 1877-1938.
9 (RLIN) 20
600 10 - SUBJECT ADDED ENTRY--PERSONAL NAME
Personal name Iqbal, Muhammad,
Titles and other words associated with a name Sir,
Dates associated with a name 1877-1938
General subdivision Knowledge
-- Civilization, Western.
9 (RLIN) 5574
710 2# - ADDED ENTRY--CORPORATE NAME
Corporate name or jurisdiction name as entry element Iqbal Academy (Lahore, Pakistan)
9 (RLIN) 8
880 1# - ALTERNATE GRAPHIC REPRESENTATION
Linkage 100-01/(3/r‏
Title ‏بقائى، محمد.
880 10 - ALTERNATE GRAPHIC REPRESENTATION
Linkage 245-02/(3/r‏
Title ‏اقبال و ده چهرۀ ديگر :‏
b ‏هومر، حلاج، سنائى، سهروردى، مولوى، شبسترى، کسروى، هسه، جناح و شمل /‏
c ‏نوشته، محمد بقائى (ماکان).
880 30 - ALTERNATE GRAPHIC REPRESENTATION
Linkage 246-03/(3/r‏
Title ‏هومر، حلاج، سنائى، سهروردى، مولوى، شبسترى، کسروى، هسه، جناح و شمل
880 ## - ALTERNATE GRAPHIC REPRESENTATION
Linkage 250-04/(4/r‏
Title ‏چاپ 1.
880 ## - ALTERNATE GRAPHIC REPRESENTATION
Linkage 260-05/(3/r‏
Title ‏لاهور :‏
b ‏اقبال اکادمى پاکستان،‏
c ‏‫2006‬.
906 ## - LOCAL DATA ELEMENT F, LDF (RLIN)
a 7
b cbc
c copycat
d 3
e ncip
f 20
g y-nonroman
942 ## - ADDED ENTRY ELEMENTS (KOHA)
Source of classification or shelving scheme
Koha item type Book
Holdings
Withdrawn status Lost status Source of classification or shelving scheme Damaged status Not for loan Collection code Permanent Location Current Location Shelving location Date acquired Total Checkouts Full call number Barcode Date last seen Copy number Price effective from Koha item type
            Central Library (CL) Central Library (CL) Book Cart 10/23/2017   891.5113 BAQ CL2079 10/23/2017 1 10/23/2017 Book
© 2023 Central Library, National University of Sciences and Technology. All Rights Reserved.